000 00306nam a22001337a 4500
003 SGT
020 _a9789349202221
082 _a370.15,YAD
100 _aYADAV PRIYANKA
245 _aHUMAN GROWTH AND DEVELOPMENT
260 _aNEW DELHI
_bV R BOOK INTERNATIONAL
_c2025
300 _a142
942 _2ddc
_cBK
999 _c33234
_d33234